Podaj państwo, którego nazwa kończy się na „-nia” - Statystyki

Ogólne statystyki
  • Ten quiz został rozwiązany 37 razy
  • Średni wynik to 3 z 7
Statystyki odpowiedzi
Odpowiedź % Poprawnych
Dania
64%
Albania
58%
Hiszpania
55%
Japonia
42%
Estonia
33%
Rumunia
33%
Wielka Brytania
30%
Nie znaleziono quizów pasujących do podanych kryteriów
Rozkład punktacji
Procent ludzi z każdym wynikiem
Percentyl według liczby udzielonych odpowiedzi
Twoja historia wyników
Nie rozwiązałeś tego quizu